000 00514nam a2200157Ia 4500
005 20250424120324.0
008 250424s9999 xx 000 0 und d
022 _aTA 1 .S77/
050 _aStructural engineering journal
245 0 _aMarina, Lagos State.
260 _aThe Nigerian Institute of Structural Engineers (NISructE)
260 _b2011
260 _c48 p. : ill. ; 30 cm.
300 _aStructural engineering--Periodicals. Building--Nigeria--Periodicals. Civil--Nigeria--Periodicals.
650 _aSR
999 _c38654
_d38654